[Event "April 9 Late 2024"]
[Site "Chess.com"]
[Date "2024.04.09"]
[Round "1"]
[White "Abdulla, Murad"]
[Black "Christiansen, Johan-Sebastian"]
[Result "0-1"]
[Board "67"]
[WhiteFideId "2403757"]
[BlackFideId "1512668"]
[WhiteTitle "FM"]
[BlackTitle "GM"]
[WhiteElo "2446"]
[BlackElo "2823"]
[WhiteTeam "SCO"]
[BlackTeam "NOR"]
[WhiteClock "0:01:38"]
[BlackClock "0:01:49"]
[Variant "Standard"]

1. e4 {[%clk 0:03:00]}  e5 {[%clk 0:02:58]} 2. Nf3 {[%clk 0:03:00]}  Nc6 {[%clk 0:02:58]} 3. Bc4 {[%clk 0:03:00]}  Nf6 {[%clk 0:02:58]} 4. d3 {[%clk 0:02:58]}  Be7 {[%clk 0:02:58]} 5. c3 {[%clk 0:02:58]}  O-O {[%clk 0:02:59]} 6. O-O {[%clk 0:02:58]}  d6 {[%clk 0:02:59]} 7. h3 {[%clk 0:02:58]}  Kh8 {[%clk 0:03:00]} 8. b4 {[%clk 0:02:54]}  a6 {[%clk 0:02:58]} 9. a4 {[%clk 0:02:54]}  Ng8 {[%clk 0:02:57]} 10. d4 {[%clk 0:02:50]}  f5 {[%clk 0:02:58]} 11. exf5 {[%clk 0:02:46]}  e4 {[%clk 0:02:58]} 12. Nfd2 {[%clk 0:02:43]}  d5 {[%clk 0:02:58]} 13. Bb3 {[%clk 0:02:36]}  Bxf5 {[%clk 0:02:58]} 14. f4 {[%clk 0:02:29]}  Bh4 {[%clk 0:02:35]} 15. Na3 {[%clk 0:02:27]}  Re8 {[%clk 0:02:28]} 16. Qe2 {[%clk 0:02:20]}  Nf6 {[%clk 0:02:15]} 17. Nc2 {[%clk 0:02:18]}  Bg3 {[%clk 0:01:55]} 18. Ne3 {[%clk 0:02:13]}  Bg6 {[%clk 0:01:55]} 19. Bb2 {[%clk 0:01:56]}  Bh5 {[%clk 0:01:54]} 20. Ng4 {[%clk 0:01:54]}  Nxg4 {[%clk 0:01:52]} 21. hxg4 {[%clk 0:01:38]}  Qh4 {[%clk 0:01:49]} 22. gxh5 {[%clk 0:01:38]}  Qh2# {[%clk 0:01:49]} 0-1

[Event "April 9 Late 2024"]
[Site "Chess.com"]
[Date "2024.04.09"]
[Round "1"]
[White "Sahakyan, Aleks"]
[Black "Rosenberg, Evan S"]
[Result "1-0"]
[Board "70"]
[WhiteFideId "13316338"]
[BlackFideId "2019299"]
[WhiteTitle "FM"]
[WhiteElo "2806"]
[BlackElo "2442"]
[WhiteTeam "ARM"]
[BlackTeam "USA"]
[WhiteClock "0:01:28"]
[BlackClock "0:00:00"]
[Variant "Standard"]

1. e4 {[%clk 0:02:56]}  c5 {[%clk 0:02:58]} 2. Nc3 {[%clk 0:02:55]}  e6 {[%clk 0:02:57]} 3. Nf3 {[%clk 0:02:53]}  Nc6 {[%clk 0:02:49]} 4. Bb5 {[%clk 0:02:51]}  Nd4 {[%clk 0:02:48]} 5. O-O {[%clk 0:02:50]}  a6 {[%clk 0:02:45]} 6. Bd3 {[%clk 0:02:49]}  b5 {[%clk 0:02:34]} 7. Nxd4 {[%clk 0:02:48]}  cxd4 {[%clk 0:02:33]} 8. Ne2 {[%clk 0:02:49]}  e5 {[%clk 0:02:32]} 9. c3 {[%clk 0:02:49]}  dxc3 {[%clk 0:02:25]} 10. dxc3 {[%clk 0:02:50]}  Bc5 {[%clk 0:02:21]} 11. a4 {[%clk 0:02:44]}  Rb8 {[%clk 0:02:07]} 12. axb5 {[%clk 0:02:44]}  axb5 {[%clk 0:02:07]} 13. Ng3 {[%clk 0:02:44]}  Ne7 {[%clk 0:02:02]} 14. b4 {[%clk 0:02:19]}  Bb6 {[%clk 0:01:57]} 15. Qh5 {[%clk 0:02:02]}  Qc7 {[%clk 0:01:37]} 16. Bg5 {[%clk 0:01:53]}  d6 {[%clk 0:00:22]} 17. Bxb5+ {[%clk 0:01:50]}  Kf8 {[%clk 0:00:19]} 18. Qf3 {[%clk 0:01:43]}  Ng6 {[%clk 0:00:06]} 19. Nf5 {[%clk 0:01:29]}  h6 {[%clk 0:00:00]} 20. Bd2 {[%clk 0:01:28]} 1-0

[Event "April 9 Late 2024"]
[Site "Chess.com"]
[Date "2024.04.09"]
[Round "1"]
[White "Tymrakiewicz, Rafal"]
[Black "Macovei, Andrei"]
[Result "0-1"]
[Board "71"]
[WhiteFideId "1108832"]
[BlackFideId "13904680"]
[WhiteTitle "FM"]
[BlackTitle "IM"]
[WhiteElo "2440"]
[BlackElo "2805"]
[WhiteTeam "POL"]
[BlackTeam "MDA"]
[WhiteClock "0:00:00"]
[BlackClock "0:00:07"]
[Variant "Standard"]

1. d4 {[%clk 0:03:00]}  Nf6 {[%clk 0:02:58]} 2. Bg5 {[%clk 0:02:58]}  e6 {[%clk 0:02:58]} 3. Nd2 {[%clk 0:02:57]}  c5 {[%clk 0:02:55]} 4. e3 {[%clk 0:02:57]}  b6 {[%clk 0:02:53]} 5. Ngf3 {[%clk 0:02:55]}  Bb7 {[%clk 0:02:53]} 6. Bd3 {[%clk 0:02:48]}  Nc6 {[%clk 0:02:49]} 7. c3 {[%clk 0:02:48]}  h6 {[%clk 0:02:45]} 8. Bh4 {[%clk 0:02:47]}  g5 {[%clk 0:02:45]} 9. Bg3 {[%clk 0:02:47]}  Nh5 {[%clk 0:02:46]} 10. Be5 {[%clk 0:02:01]}  Nxe5 {[%clk 0:02:34]} 11. Nxe5 {[%clk 0:02:01]}  Nf6 {[%clk 0:02:33]} 12. O-O {[%clk 0:02:01]}  a6 {[%clk 0:02:19]} 13. f4 {[%clk 0:01:38]}  d6 {[%clk 0:02:03]} 14. Ng4 {[%clk 0:01:29]}  Nxg4 {[%clk 0:01:31]} 15. Qxg4 {[%clk 0:01:27]}  f5 {[%clk 0:01:29]} 16. Qh5+ {[%clk 0:01:20]}  Kd7 {[%clk 0:01:29]} 17. dxc5 {[%clk 0:01:03]}  bxc5 {[%clk 0:01:27]} 18. e4 {[%clk 0:01:03]}  Qe8 {[%clk 0:01:01]} 19. Qxe8+ {[%clk 0:00:52]}  Rxe8 {[%clk 0:01:00]} 20. exf5 {[%clk 0:00:53]}  exf5 {[%clk 0:01:01]} 21. Bxf5+ {[%clk 0:00:52]}  Kc7 {[%clk 0:01:01]} 22. fxg5 {[%clk 0:00:36]}  hxg5 {[%clk 0:01:02]} 23. Rae1 {[%clk 0:00:33]}  Rxe1 {[%clk 0:00:46]} 24. Rxe1 {[%clk 0:00:32]}  Bc6 {[%clk 0:00:46]} 25. c4 {[%clk 0:00:20]}  Rh4 {[%clk 0:00:40]} 26. b3 {[%clk 0:00:19]}  Rd4 {[%clk 0:00:38]} 27. Nf3 {[%clk 0:00:17]}  Rf4 {[%clk 0:00:38]} 28. Bd3 {[%clk 0:00:11]}  Bxf3 {[%clk 0:00:33]} 29. gxf3 {[%clk 0:00:11]}  Rxf3 {[%clk 0:00:33]} 30. Be4 {[%clk 0:00:11]}  Rc3 {[%clk 0:00:30]} 31. Rf1 {[%clk 0:00:10]}  Bh6 {[%clk 0:00:27]} 32. Rf7+ {[%clk 0:00:08]}  Kb6 {[%clk 0:00:26]} 33. Rb7+ {[%clk 0:00:07]}  Ka5 {[%clk 0:00:27]} 34. a3 {[%clk 0:00:08]}  g4 {[%clk 0:00:25]} 35. Bc6 {[%clk 0:00:07]}  Rc1+ {[%clk 0:00:17]} 36. Kg2 {[%clk 0:00:07]}  Bd2 {[%clk 0:00:17]} 37. Kg3 {[%clk 0:00:05]}  Rg1+ {[%clk 0:00:15]} 38. Kf2 {[%clk 0:00:05]}  Ra1 {[%clk 0:00:15]} 39. Ke2 {[%clk 0:00:05]}  Bc3 {[%clk 0:00:15]} 40. Kd3 {[%clk 0:00:06]}  Be1 {[%clk 0:00:16]} 41. Ke2 {[%clk 0:00:06]}  Bc3 {[%clk 0:00:15]} 42. Kd3 {[%clk 0:00:06]}  Rc1 {[%clk 0:00:09]} 43. Bd7 {[%clk 0:00:03]}  Be1 {[%clk 0:00:07]} 44. Ke2 {[%clk 0:00:00]}  Ra1 {[%clk 0:00:07]} 0-1

[Event "April 9 Late 2024"]
[Site "Chess.com"]
[Date "2024.04.09"]
[Round "1"]
[White "Wafa, Hamed"]
[Black "Shevchuk, Olexandr"]
[Result "0-1"]
[Board "72"]
[WhiteFideId "10628452"]
[BlackFideId "14113775"]
[WhiteTitle "IM"]
[WhiteElo "2805"]
[BlackElo "2439"]
[WhiteTeam "EGY"]
[BlackTeam "UKR"]
[WhiteClock "0:01:18"]
[BlackClock "0:00:52"]
[Variant "Standard"]

1. Nf3 {[%clk 0:03:00]}  d5 {[%clk 0:02:53]} 2. g3 {[%clk 0:02:59]}  Nf6 {[%clk 0:02:53]} 3. Bg2 {[%clk 0:02:59]}  e6 {[%clk 0:02:53]} 4. O-O {[%clk 0:02:59]}  Be7 {[%clk 0:02:52]} 5. c4 {[%clk 0:02:59]}  c6 {[%clk 0:02:50]} 6. b3 {[%clk 0:02:57]}  O-O {[%clk 0:02:49]} 7. Bb2 {[%clk 0:02:57]}  Nbd7 {[%clk 0:02:50]} 8. d4 {[%clk 0:02:55]}  b6 {[%clk 0:02:50]} 9. Nc3 {[%clk 0:02:52]}  Bb7 {[%clk 0:02:50]} 10. Rc1 {[%clk 0:02:48]}  Rc8 {[%clk 0:02:47]} 11. Qd3 {[%clk 0:02:48]}  c5 {[%clk 0:02:42]} 12. cxd5 {[%clk 0:02:40]}  Nxd5 {[%clk 0:02:40]} 13. Nxd5 {[%clk 0:02:40]}  Bxd5 {[%clk 0:02:40]} 14. e4 {[%clk 0:02:39]}  Bb7 {[%clk 0:02:39]} 15. d5 {[%clk 0:02:38]}  exd5 {[%clk 0:02:35]} 16. exd5 {[%clk 0:02:38]}  Bf6 {[%clk 0:02:35]} 17. Bxf6 {[%clk 0:02:01]}  Nxf6 {[%clk 0:02:33]} 18. d6 {[%clk 0:02:01]}  Be4 {[%clk 0:02:28]} 19. Qd2 {[%clk 0:02:01]}  Rc6 {[%clk 0:02:20]} 20. Rcd1 {[%clk 0:01:59]}  Re8 {[%clk 0:02:11]} 21. Rfe1 {[%clk 0:01:56]}  Bxf3 {[%clk 0:02:04]} 22. Bxf3 {[%clk 0:01:56]}  Rxe1+ {[%clk 0:02:02]} 23. Rxe1 {[%clk 0:01:52]}  Rxd6 {[%clk 0:02:02]} 24. Qf4 {[%clk 0:01:46]}  h6 {[%clk 0:01:57]} 25. Kg2 {[%clk 0:01:42]}  Rd4 {[%clk 0:01:55]} 26. Qe5 {[%clk 0:01:42]}  Rd2 {[%clk 0:01:51]} 27. Re2 {[%clk 0:01:38]}  Rxe2 {[%clk 0:01:50]} 28. Qxe2 {[%clk 0:01:39]}  Qd7 {[%clk 0:01:43]} 29. h3 {[%clk 0:01:38]}  Qe6 {[%clk 0:01:43]} 30. Qa6 {[%clk 0:01:38]}  Qd7 {[%clk 0:01:41]} 31. Bb7 {[%clk 0:01:37]}  g6 {[%clk 0:01:18]} 32. Qxa7 {[%clk 0:01:37]}  Qd6 {[%clk 0:01:19]} 33. Bf3 {[%clk 0:01:35]}  Kg7 {[%clk 0:01:19]} 34. Qb7 {[%clk 0:01:35]}  Nd7 {[%clk 0:01:17]} 35. Qd5 {[%clk 0:01:29]}  Qxd5 {[%clk 0:01:13]} 36. Bxd5 {[%clk 0:01:30]}  Ne5 {[%clk 0:01:14]} 37. Be4 {[%clk 0:01:28]}  f5 {[%clk 0:01:11]} 38. Bc2 {[%clk 0:01:27]}  Kf6 {[%clk 0:01:11]} 39. f4 {[%clk 0:01:25]}  Nc6 {[%clk 0:01:11]} 40. Kf2 {[%clk 0:01:24]}  Nd4 {[%clk 0:01:09]} 41. Bd1 {[%clk 0:01:24]}  Ke6 {[%clk 0:01:08]} 42. Ke3 {[%clk 0:01:24]}  Kd5 {[%clk 0:01:07]} 43. Kd3 {[%clk 0:01:24]}  b5 {[%clk 0:01:06]} 44. a4 {[%clk 0:01:23]}  c4+ {[%clk 0:01:02]} 45. bxc4+ {[%clk 0:01:24]}  bxc4+ {[%clk 0:01:02]} 46. Kc3 {[%clk 0:01:25]}  Kc5 {[%clk 0:01:03]} 47. g4 {[%clk 0:01:23]}  Nc6 {[%clk 0:00:55]} 48. gxf5 {[%clk 0:01:21]}  gxf5 {[%clk 0:00:56]} 49. Bc2 {[%clk 0:01:21]}  Nd4 {[%clk 0:00:56]} 50. h4 {[%clk 0:01:21]}  Nxc2 {[%clk 0:00:51]} 51. Kxc2 {[%clk 0:01:17]}  Kb4 {[%clk 0:00:51]} 52. h5 {[%clk 0:01:14]}  Kxa4 {[%clk 0:00:51]} 53. Kc3 {[%clk 0:01:15]}  Kb5 {[%clk 0:00:52]} 54. Kd4 {[%clk 0:01:15]}  Kb4 {[%clk 0:00:51]} 55. Ke5 {[%clk 0:01:16]}  c3 {[%clk 0:00:52]} 56. Kxf5 {[%clk 0:01:17]}  c2 {[%clk 0:00:52]} 57. Kg6 {[%clk 0:01:18]}  c1=Q {[%clk 0:00:53]} 58. Kxh6 {[%clk 0:01:18]}  Qxf4+ {[%clk 0:00:53]} 59. Kg7 {[%clk 0:01:18]}  Qg5+ {[%clk 0:00:52]} 0-1

[Event "April 9 Late 2024"]
[Site "Chess.com"]
[Date "2024.04.09"]
[Round "1"]
[White "Seder, Mohammed"]
[Black "Shirov, Alexei"]
[Result "0-1"]
[Board "73"]
[WhiteFideId "11505567"]
[BlackFideId "2209390"]
[WhiteTitle "FM"]
[BlackTitle "GM"]
[WhiteElo "2438"]
[BlackElo "2799"]
[WhiteTeam "PLE"]
[BlackTeam "ESP"]
[WhiteClock "0:00:06"]
[BlackClock "0:01:09"]
[Variant "Standard"]

1. e4 {[%clk 0:03:00]}  e5 {[%clk 0:02:59]} 2. Nf3 {[%clk 0:02:59]}  Nc6 {[%clk 0:02:59]} 3. Bb5 {[%clk 0:02:58]}  a6 {[%clk 0:02:57]} 4. Bxc6 {[%clk 0:02:57]}  dxc6 {[%clk 0:02:56]} 5. h3 {[%clk 0:02:57]}  c5 {[%clk 0:02:51]} 6. O-O {[%clk 0:02:56]}  Bd6 {[%clk 0:02:49]} 7. c3 {[%clk 0:02:56]}  Ne7 {[%clk 0:02:47]} 8. d4 {[%clk 0:02:56]}  cxd4 {[%clk 0:02:46]} 9. cxd4 {[%clk 0:02:56]}  exd4 {[%clk 0:02:45]} 10. Qxd4 {[%clk 0:02:48]}  O-O {[%clk 0:02:44]} 11. Be3 {[%clk 0:02:44]}  Nc6 {[%clk 0:02:42]} 12. Qd2 {[%clk 0:02:38]}  Qf6 {[%clk 0:02:34]} 13. Nc3 {[%clk 0:02:15]}  Bxh3 {[%clk 0:02:33]} 14. Bg5 {[%clk 0:02:12]}  Qg6 {[%clk 0:02:33]} 15. gxh3 {[%clk 0:02:10]}  h6 {[%clk 0:02:31]} 16. Kh1 {[%clk 0:02:03]}  hxg5 {[%clk 0:02:15]} 17. Qxg5 {[%clk 0:02:04]}  Qh7 {[%clk 0:02:13]} 18. h4 {[%clk 0:01:57]}  f5 {[%clk 0:02:08]} 19. e5 {[%clk 0:01:21]}  Nxe5 {[%clk 0:02:05]} 20. Nxe5 {[%clk 0:01:22]}  Bxe5 {[%clk 0:02:05]} 21. Nd5 {[%clk 0:01:23]}  Bf6 {[%clk 0:02:04]} 22. Ne7+ {[%clk 0:01:17]}  Kf7 {[%clk 0:02:01]} 23. Qxf5 {[%clk 0:01:09]}  g6 {[%clk 0:01:42]} 24. Qd5+ {[%clk 0:01:06]}  Kg7 {[%clk 0:01:41]} 25. Rae1 {[%clk 0:00:45]}  Qxh4+ {[%clk 0:01:38]} 26. Kg1 {[%clk 0:00:46]}  Bxe7 {[%clk 0:01:35]} 27. Qe5+ {[%clk 0:00:34]}  Bf6 {[%clk 0:01:34]} 28. Qxc7+ {[%clk 0:00:35]}  Rf7 {[%clk 0:01:34]} 29. Qg3 {[%clk 0:00:24]}  Qxg3+ {[%clk 0:01:33]} 30. fxg3 {[%clk 0:00:25]}  Bxb2 {[%clk 0:01:32]} 31. Rb1 {[%clk 0:00:22]}  Bd4+ {[%clk 0:01:31]} 32. Kg2 {[%clk 0:00:22]}  Raf8 {[%clk 0:01:30]} 33. Rf4 {[%clk 0:00:16]}  Rxf4 {[%clk 0:01:26]} 34. gxf4 {[%clk 0:00:17]}  b5 {[%clk 0:01:25]} 35. Rb4 {[%clk 0:00:14]}  Rxf4 {[%clk 0:01:23]} 36. Kg3 {[%clk 0:00:15]}  g5 {[%clk 0:01:23]} 37. Kg2 {[%clk 0:00:15]}  Kf6 {[%clk 0:01:21]} 38. a4 {[%clk 0:00:16]}  Bc5 {[%clk 0:01:19]} 39. Rb3 {[%clk 0:00:13]}  Rxa4 {[%clk 0:01:18]} 40. Rf3+ {[%clk 0:00:13]}  Rf4 {[%clk 0:01:18]} 41. Rb3 {[%clk 0:00:14]}  b4 {[%clk 0:01:18]} 42. Kh3 {[%clk 0:00:14]}  a5 {[%clk 0:01:17]} 43. Rb1 {[%clk 0:00:14]}  a4 {[%clk 0:01:17]} 44. Kg2 {[%clk 0:00:14]}  a3 {[%clk 0:01:17]} 45. Kh3 {[%clk 0:00:14]}  a2 {[%clk 0:01:16]} 46. Ra1 {[%clk 0:00:15]}  b3 {[%clk 0:01:16]} 47. Rg1 {[%clk 0:00:03]}  Bxg1 {[%clk 0:01:14]} 48. Kg2 {[%clk 0:00:04]}  a1=Q {[%clk 0:01:13]} 49. Kh1 {[%clk 0:00:05]}  Be3+ {[%clk 0:01:10]} 50. Kg2 {[%clk 0:00:05]}  Qg1+ {[%clk 0:01:09]} 51. Kh3 {[%clk 0:00:06]} 0-1

[Event "April 9 Late 2024"]
[Site "Chess.com"]
[Date "2024.04.09"]
[Round "1"]
[White "Dourerassou, Jonathan"]
[Black "Geidarli, Kanan"]
[Result "1/2-1/2"]
[Board "74"]
[WhiteFideId "628050"]
[BlackFideId "13404423"]
[WhiteTitle "GM"]
[BlackTitle "IM"]
[WhiteElo "2791"]
[BlackElo "2438"]
[WhiteTeam "FRA"]
[BlackTeam "RUS"]
[WhiteClock "0:00:17"]
[BlackClock "0:00:28"]
[Variant "Standard"]

1. d4 {[%clk 0:03:00]}  d5 {[%clk 0:02:59]} 2. Bf4 {[%clk 0:03:00]}  Nf6 {[%clk 0:02:58]} 3. e3 {[%clk 0:03:00]}  e6 {[%clk 0:02:58]} 4. Nf3 {[%clk 0:03:00]}  Bd6 {[%clk 0:02:57]} 5. Bg3 {[%clk 0:02:59]}  Bxg3 {[%clk 0:02:54]} 6. hxg3 {[%clk 0:02:59]}  Qd6 {[%clk 0:02:53]} 7. c3 {[%clk 0:02:57]}  Nbd7 {[%clk 0:02:53]} 8. Nbd2 {[%clk 0:02:57]}  c5 {[%clk 0:02:52]} 9. Bd3 {[%clk 0:02:54]}  b6 {[%clk 0:02:50]} 10. Qe2 {[%clk 0:02:53]}  Bb7 {[%clk 0:02:50]} 11. O-O-O {[%clk 0:02:52]}  Rc8 {[%clk 0:02:48]} 12. Kb1 {[%clk 0:02:51]}  c4 {[%clk 0:02:46]} 13. Bc2 {[%clk 0:02:51]}  h6 {[%clk 0:02:46]} 14. e4 {[%clk 0:02:51]}  dxe4 {[%clk 0:02:46]} 15. Nxe4 {[%clk 0:02:51]}  Nxe4 {[%clk 0:02:45]} 16. Bxe4 {[%clk 0:02:52]}  Bxe4+ {[%clk 0:02:45]} 17. Qxe4 {[%clk 0:02:53]}  Nf6 {[%clk 0:02:43]} 18. Qe2 {[%clk 0:02:33]}  Qd5 {[%clk 0:02:39]} 19. Rh4 {[%clk 0:02:28]}  b5 {[%clk 0:02:37]} 20. Ne5 {[%clk 0:02:27]}  O-O {[%clk 0:02:30]} 21. g4 {[%clk 0:02:27]}  Qe4+ {[%clk 0:02:30]} 22. Qxe4 {[%clk 0:02:24]}  Nxe4 {[%clk 0:02:30]} 23. f3 {[%clk 0:02:24]}  Nd6 {[%clk 0:02:24]} 24. Rdh1 {[%clk 0:02:18]}  f6 {[%clk 0:02:23]} 25. Nd7 {[%clk 0:02:16]}  Rfe8 {[%clk 0:02:20]} 26. Re1 {[%clk 0:02:16]}  Kf7 {[%clk 0:02:19]} 27. Rh5 {[%clk 0:02:15]}  a6 {[%clk 0:02:16]} 28. Nc5 {[%clk 0:02:14]}  Rc6 {[%clk 0:02:13]} 29. b4 {[%clk 0:02:07]}  cxb3 {[%clk 0:02:10]} 30. axb3 {[%clk 0:02:07]}  Rb6 {[%clk 0:02:10]} 31. Kc2 {[%clk 0:02:05]}  Nb7 {[%clk 0:02:08]} 32. Ne4 {[%clk 0:02:00]}  Rc8 {[%clk 0:02:05]} 33. Kd3 {[%clk 0:01:59]}  Rbc6 {[%clk 0:02:04]} 34. Rc1 {[%clk 0:01:58]}  Kg6 {[%clk 0:01:57]} 35. Rhh1 {[%clk 0:01:56]}  f5 {[%clk 0:01:56]} 36. gxf5+ {[%clk 0:01:56]}  exf5 {[%clk 0:01:56]} 37. Ng3 {[%clk 0:01:55]}  Rd8 {[%clk 0:01:54]} 38. Ne2 {[%clk 0:01:55]}  Kf6 {[%clk 0:01:51]} 39. Rhe1 {[%clk 0:01:52]}  Nc5+ {[%clk 0:01:47]} 40. Kc2 {[%clk 0:01:52]}  Ne6 {[%clk 0:01:47]} 41. Kb2 {[%clk 0:01:50]}  b4 {[%clk 0:01:43]} 42. Red1 {[%clk 0:01:35]}  bxc3+ {[%clk 0:01:43]} 43. Rxc3 {[%clk 0:01:36]}  Rcd6 {[%clk 0:01:39]} 44. Rcd3 {[%clk 0:01:32]}  Rd5 {[%clk 0:01:39]} 45. Kc3 {[%clk 0:01:30]}  g5 {[%clk 0:01:38]} 46. Kc4 {[%clk 0:01:29]}  Rb5 {[%clk 0:01:32]} 47. b4 {[%clk 0:01:25]}  Rc8+ {[%clk 0:01:30]} 48. Kb3 {[%clk 0:01:24]}  Rcb8 {[%clk 0:01:30]} 49. Kc3 {[%clk 0:01:08]}  Rxb4 {[%clk 0:01:27]} 50. d5 {[%clk 0:01:08]}  Nc5 {[%clk 0:01:23]} 51. R3d2 {[%clk 0:01:08]}  Na4+ {[%clk 0:01:18]} 52. Kd3 {[%clk 0:01:02]}  Rb3+ {[%clk 0:01:18]} 53. Kc2 {[%clk 0:00:58]}  Rb2+ {[%clk 0:01:15]} 54. Kd3 {[%clk 0:00:54]}  R8b3+ {[%clk 0:01:12]} 55. Kd4 {[%clk 0:00:53]}  Rb4+ {[%clk 0:01:09]} 56. Ke3 {[%clk 0:00:53]}  Nb6 {[%clk 0:00:58]} 57. Rxb2 {[%clk 0:00:49]}  Rxb2 {[%clk 0:00:57]} 58. d6 {[%clk 0:00:49]}  Nc4+ {[%clk 0:00:49]} 59. Kf2 {[%clk 0:00:46]}  Rd2 {[%clk 0:00:46]} 60. Rxd2 {[%clk 0:00:40]}  Nxd2 {[%clk 0:00:46]} 61. Nd4 {[%clk 0:00:39]}  f4 {[%clk 0:00:47]} 62. Nf5 {[%clk 0:00:35]}  Ke6 {[%clk 0:00:45]} 63. Nxh6 {[%clk 0:00:34]}  a5 {[%clk 0:00:45]} 64. Ke2 {[%clk 0:00:32]}  Nb3 {[%clk 0:00:41]} 65. Kd3 {[%clk 0:00:31]}  Nc5+ {[%clk 0:00:38]} 66. Kc4 {[%clk 0:00:29]}  Nd7 {[%clk 0:00:37]} 67. Kb5 {[%clk 0:00:26]}  Kxd6 {[%clk 0:00:36]} 68. Nf7+ {[%clk 0:00:26]}  Ke6 {[%clk 0:00:31]} 69. Nxg5+ {[%clk 0:00:27]}  Kf5 {[%clk 0:00:31]} 70. Ne4 {[%clk 0:00:27]}  Ne5 {[%clk 0:00:29]} 71. Kxa5 {[%clk 0:00:27]}  Nd3 {[%clk 0:00:29]} 72. Kb5 {[%clk 0:00:17]}  Ne1 {[%clk 0:00:29]} 73. g3 {[%clk 0:00:16]}  Nxf3 {[%clk 0:00:27]} 74. gxf4 {[%clk 0:00:16]}  Kxe4 {[%clk 0:00:28]} 75. f5 {[%clk 0:00:17]}  Kxf5 {[%clk 0:00:28]} 1/2-1/2

[Event "April 9 Late 2024"]
[Site "Chess.com"]
[Date "2024.04.09"]
[Round "1"]
[White "Teiitbaev, Aktilek"]
[Black "Krzyzanowski, Marcin"]
[Result "0-1"]
[Board "75"]
[WhiteFideId "13801937"]
[BlackFideId "1132199"]
[BlackTitle "GM"]
[WhiteElo "2437"]
[BlackElo "2791"]
[WhiteTeam "KGZ"]
[BlackTeam "POL"]
[WhiteClock "0:00:01"]
[BlackClock "0:00:29"]
[Variant "Standard"]

1. d4 {[%clk 0:03:00]}  Nf6 {[%clk 0:02:55]} 2. c4 {[%clk 0:02:59]}  e6 {[%clk 0:02:54]} 3. Nf3 {[%clk 0:03:00]}  c5 {[%clk 0:02:52]} 4. d5 {[%clk 0:03:00]}  b5 {[%clk 0:02:51]} 5. cxb5 {[%clk 0:02:59]}  exd5 {[%clk 0:02:50]} 6. e3 {[%clk 0:02:55]}  Be7 {[%clk 0:02:48]} 7. Nc3 {[%clk 0:02:54]}  Bb7 {[%clk 0:02:48]} 8. Be2 {[%clk 0:02:54]}  O-O {[%clk 0:02:48]} 9. O-O {[%clk 0:02:55]}  d6 {[%clk 0:02:47]} 10. a4 {[%clk 0:02:53]}  Nbd7 {[%clk 0:02:43]} 11. Ng5 {[%clk 0:02:52]}  Ne5 {[%clk 0:02:38]} 12. Nh3 {[%clk 0:02:50]}  a6 {[%clk 0:02:21]} 13. Nf4 {[%clk 0:02:45]}  axb5 {[%clk 0:02:21]} 14. Bxb5 {[%clk 0:02:45]}  d4 {[%clk 0:02:06]} 15. exd4 {[%clk 0:02:46]}  cxd4 {[%clk 0:02:06]} 16. Qxd4 {[%clk 0:02:45]}  Nfd7 {[%clk 0:01:44]} 17. Ncd5 {[%clk 0:02:42]}  Nc5 {[%clk 0:01:43]} 18. Nxe7+ {[%clk 0:02:21]}  Qxe7 {[%clk 0:01:43]} 19. Nd5 {[%clk 0:02:21]}  Qe6 {[%clk 0:01:36]} 20. Nf4 {[%clk 0:01:53]}  Qg4 {[%clk 0:01:30]} 21. f3 {[%clk 0:01:43]}  Nxf3+ {[%clk 0:01:20]} 22. Rxf3 {[%clk 0:01:43]}  Bxf3 {[%clk 0:01:21]} 23. Qf2 {[%clk 0:01:13]}  Bb7 {[%clk 0:01:14]} 24. h3 {[%clk 0:01:12]}  Qf5 {[%clk 0:01:10]} 25. g4 {[%clk 0:01:10]}  Qe4 {[%clk 0:01:10]} 26. Kh2 {[%clk 0:01:06]}  Nb3 {[%clk 0:01:05]} 27. Ra3 {[%clk 0:00:54]}  Nxc1 {[%clk 0:01:00]} 28. Re3 {[%clk 0:00:54]}  Qd4 {[%clk 0:00:48]} 29. Nh5 {[%clk 0:00:35]}  Nb3 {[%clk 0:00:39]} 30. Ng3 {[%clk 0:00:32]}  Nd2 {[%clk 0:00:38]} 31. Nf5 {[%clk 0:00:32]}  Qb4 {[%clk 0:00:33]} 32. Qh4 {[%clk 0:00:23]}  Qxb2 {[%clk 0:00:29]} 33. Re2 {[%clk 0:00:01]}  Nf3+ {[%clk 0:00:29]} 0-1